000
00193nam a2200085 4500
001
1257582
005
20260217105221.0
245
_a
ökkeş maçta
_c
muzaffer izgü
260
_b
özyürek yayınları
999
_c
1257582
_d
1257582